The act for the commutation of tithes in England and Wales (Record no. 113872)

MARC details
000 -LEADER
fixed length control field 00621cam a22001815a 4500
001 - CONTROL NUMBER
control field L155849
008 - FIXED-LENGTH DATA ELEMENTS--GENERAL INFORMATION
fixed length control field 120418s1836 xxk f 000 0 eng d
035 ## - SYSTEM CONTROL NUMBER
System control number (Sirsi) u155849
041 0# - LANGUAGE CODE
Language code of text/sound track or separate title eng
100 1# - MAIN ENTRY--PERSONAL NAME
Personal name Schomberg, J. T.
Fuller form of name (Joseph Trigge)
Dates associated with a name 1805-1878
245 04 - TITLE STATEMENT
Title The act for the commutation of tithes in England and Wales
Remainder of title with notes, observations, and an apitome of the law of tithes ....
260 ## - PUBLICATION, DISTRIBUTION, ETC.
Place of publication, distribution, etc. London
Name of publisher, distributor, etc. Henry Butterworth
Date of publication, distribution, etc. 1836
300 ## - PHYSICAL DESCRIPTION
Extent 115 p.
Dimensions 20 cm.
583 ## - ACTION NOTE
Action Condition reviewed
Time/date of action 20120620
Status condition level 2
651 #4 - SUBJECT ADDED ENTRY--GEOGRAPHIC NAME
Geographic name Great Britain
Chronological subdivision 1707-
690 ## - LOCAL SUBJECT ADDED ENTRY--TOPICAL TERM (OCLC, RLIN)
Topical term or geographic name as entry element Finance and taxation
942 ## - ADDED ENTRY ELEMENTS (KOHA)
Suppress in OPAC 0
Holdings
Withdrawn status Lost status Source of classification or shelving scheme Damaged status Not for loan Home library Current library Shelving location Date acquired Total Checkouts Full call number Barcode Date last seen Copy number Price effective from Koha item type
    Dewey Decimal Classification     Historic collection Historic collection Historic collection 18/04/2012   OCTAVO 1836 SCHOMBERG 30076731 06/08/2019 1 06/08/2019 Book